| 000 | 00618nam a2200205 i 4500 | ||
|---|---|---|---|
| 001 | bg | ||
| 245 | 1 | 0 |
_aZasady ochrony przyrody w lasach gospodarczych : _bpropozycja społeczna / _cred. Paweł Pawlaczyk. |
| 260 |
_aŚwiebodzin : _bWydaw. Lubuskiego Klubu Przyrodników, _c[2000]. |
||
| 300 |
_a34 s. ; _c21 cm. |
||
| 650 | 9 |
_aPrzyroda _xochrona _zPolska |
|
| 650 | 9 |
_aLasy _xochrona _zPolska |
|
| 700 | 1 |
_aPAWLACZYK, Paweł. _eRed. |
|
| 020 | _a8387846139 | ||
| 040 | _cBPK | ||
| 041 | 0 | _apl | |
| 080 | _a502.3:630*4](438) | ||
| 920 | _a83-87846-13-9 | ||
| 942 | _cKS | ||
| 008 | s pl f |000 0 pol | ||
| 999 |
_c39278 _d39278 |
||
| 856 |
_uhttp://koha.tu.koszalin.pl/cgi-bin/koha/opac-detail.pl?biblionumber=39278 _yKatalog online BPK |
||